000 00648nam a2200169Ia 4500
008 090201s9999 xx 000 0 und d
010 _aKPL-38490
040 _bमराठी
041 _aमराठी
082 _a20081
_b38490
100 _aप्र. के. घाणेकर
245 _aसाद सहयाद्रीची भटकंती किल्यांची
_cप्र. के. घाणेकर
260 _c2004
_bस्नेहल प्रकाशन
300 _a267
_bमोठा
600 _aसाद सहयाद्रीची भटकंती किल्यांची
942 _cBOOK
999 _c219877
_d219877